Ghana population data analysis report . / (Record no. 8983)
[ view plain ]
| 000 -LEADER | |
|---|---|
| fixed length control field | 01149nam a22002177a 4500 |
| 003 - CONTROL NUMBER IDENTIFIER | |
| control field | OSt |
| 005 - DATE AND TIME OF LATEST TRANSACTION | |
| control field | 20220526122534.0 |
| 008 - FIXED-LENGTH DATA ELEMENTS--GENERAL INFORMATION | |
| fixed length control field | 140818b xxu||||| |||| 00| 0 eng d |
| 040 ## - CATALOGING SOURCE | |
| Transcribing agency | WIUC |
| 050 ## - LIBRARY OF CONGRESS CALL NUMBER | |
| Classification number | HB3666.8.G41 |
| 245 ## - TITLE STATEMENT | |
| Title | Ghana population data analysis report . / |
| Statement of responsibility, etc. | Ghana Statistical Service |
| 246 ## - VARYING FORM OF TITLE | |
| Title proper/short title | Population data analysis report |
| Remainder of title | Vol. 1: Socio-economic and demographic trends |
| 260 ## - PUBLICATION, DISTRIBUTION, ETC. | |
| Place of publication, distribution, etc. | Accra: |
| Name of publisher, distributor, etc. | Ghana Statistical Service, |
| Date of publication, distribution, etc. | 2005. |
| 300 ## - PHYSICAL DESCRIPTION | |
| Extent | xiv, 237 p.: |
| Other physical details | ill,; |
| Dimensions | 18cm. |
| 500 ## - GENERAL NOTE | |
| General note | Includes references. |
| 505 ## - FORMATTED CONTENTS NOTE | |
| Formatted contents note | Contents: Population size, composition and age-sex structure -- Assessment and adjustments of age and sex structures, 1960-2000 Ghana Censuses -- Household size, composition and distribution -- Marital characteristics -- Education -- Economic activity -- Population distribution, internal migration and urbanization -- Fertility levels, patterns and trends -- Mortality levels, patterns and trends -- Ghana population p[prospects, 2000-2025. |
| 653 ## - INDEX TERM--UNCONTROLLED | |
| Uncontrolled term | Ghana -- Census, 2000. |
| 653 ## - INDEX TERM--UNCONTROLLED | |
| Uncontrolled term | Ghana -- Population -- Statistics. |
| 653 ## - INDEX TERM--UNCONTROLLED | |
| Uncontrolled term | Housing -- Ghana -- Statistics |
| 942 ## - ADDED ENTRY ELEMENTS (KOHA) | |
| Source of classification or shelving scheme | Library of Congress Classification |
| Koha item type | Books |
| Withdrawn status | Lost status | Source of classification or shelving scheme | Damaged status | Not for loan | Home library | Current library | Shelving location | Date acquired | Source of acquisition | Total Checkouts | Full call number | Barcode | Date last seen | Price effective from | Koha item type |
|---|---|---|---|---|---|---|---|---|---|---|---|---|---|---|---|
| Library of Congress Classification | WISCONSIN INTERNATIONAL UNIVERSITY COLLEGE, GHANA KUMASI LIBRARY | WISCONSIN INTERNATIONAL UNIVERSITY COLLEGE, GHANA KUMASI LIBRARY | General Stacks | 19/11/2019 | STM | HB3666.7.G41 | K/2774/2774/19 | 26/05/2022 | 26/05/2022 | Books |
